Shaft friction of CFA piles in chalk (Record no. 105759)

MARC details
000 -LEADER
fixed length control field 00747cam a2200217 4500
001 - CONTROL NUMBER
control field ##L134653
008 - FIXED-LENGTH DATA ELEMENTS--GENERAL INFORMATION
fixed length control field 060822n2003 000 0 eng u
020 ## - INTERNATIONAL STANDARD BOOK NUMBER
International Standard Book Number 0860178862
035 ## - SYSTEM CONTROL NUMBER
System control number (Sirsi) u134653
041 0# - LANGUAGE CODE
Language code of text/sound track or separate title eng
050 04 - LIBRARY OF CONGRESS CALL NUMBER
Classification number 620.135 $2 18
100 1# - MAIN ENTRY--PERSONAL NAME
Personal name Lord, J. A.
245 00 - TITLE STATEMENT
Title Shaft friction of CFA piles in chalk
260 ## - PUBLICATION, DISTRIBUTION, ETC.
Place of publication, distribution, etc. London
Name of publisher, distributor, etc. CIRIA
Date of publication, distribution, etc. 2003
300 ## - PHYSICAL DESCRIPTION
Extent 62p.
Other physical details ill.
Dimensions 30cm.
490 #0 - SERIES STATEMENT
Series statement CIRIA Project Report
Volume/sequential designation 86
520 ## - SUMMARY, ETC.
Summary, etc. Presents the results of research into design aspects of continuous flight augered piles in chalk and identifies areas where potential cost savings can be made by the piling industry.
590 ## - LOCAL NOTE (RLIN)
Local note IKA220806
690 ## - LOCAL SUBJECT ADDED ENTRY--TOPICAL TERM (OCLC, RLIN)
Topical term or geographic name as entry element BUILT ENVIRONMENT-ENGINEERING-CIVIL ENGINEERING-PILING
942 ## - ADDED ENTRY ELEMENTS (KOHA)
Suppress in OPAC 0
Holdings
Withdrawn status Lost status Source of classification or shelving scheme Damaged status Not for loan Home library Current library Shelving location Date acquired Total Checkouts Full call number Barcode Date last seen Copy number Price effective from Koha item type
    Dewey Decimal Classification     London London Folio 22/08/2006   F620.135 LOR 30072463 06/08/2019 1 06/08/2019 Book